| 000 | 00675nam a22001817a 4500 | ||
|---|---|---|---|
| 003 | OSt | ||
| 008 | 260629b |||||||| |||| 00| 0 eng d | ||
| 020 | _a9789366269214 | ||
| 082 |
_a632.9517 _bR11I |
||
| 100 | _aR, Nihal | ||
| 245 | _aInsect Toxicology/ by Nihal R, N. Venugopala Rao and Goutam B. Hosamani | ||
| 260 |
_aNew Delhi: _bInternational Books & Periodicals Supply Service, _c2025 |
||
| 300 | _aix, 294 p. | ||
| 650 | _a Agriculture and related technologies | Plant injuries, diseases, pests | Toxicology of Insecticides / Action of poisons on insects (Insect Toxicology) | ||
| 700 | _aRao, Venugopala | ||
| 700 | _a Hosamani, Goutam B | ||
| 942 |
_2ddc _cBK |
||
| 999 |
_c52474 _d52474 |
||